00977nam a2200289 a 450000100060000000300080000600500170001400800410003102000150007202000210008703500190010804000270012704100080015408200250016210000270018724500880021426000500030230000340035250000750038650400510046165000280051265000250054065000320056565000120059770000270060971000510063634740BD-RjUL20211209052214.0140519r19971996enka b 001 0 eng d a1853833142 a1853833193 (pbk) a(BD-RjUL)34834 aDLCbengcDLCdBD-RjUL aeng00a304.28220bCLS 19971 aClayton, Anthony M. H.10aSustainability :ba systems approach /cAnthony M.H. Clayton, Nicholas J. Radcliffe aLondon :bEarthscan,cc1996 [reprinted 1997]. axiv, 258 p. :bill. ;c24 cm. aOn page facing t.p.: The Institute for Policy Analysis and Development aIncludes bibliographical references and index. 0aSustainable development 0aEnvironmental policy 0aRenewable natural resources 0aEcology1 aRadcliffe, Nicholas J.2 aInstitute for Policy Analysis and Development.